Land Registry goes mobile (Record no. 64938)

MARC details
000 -LEADER
fixed length control field 00893cam a2200205 4500
001 - CONTROL NUMBER
control field WB364019
008 - FIXED-LENGTH DATA ELEMENTS--GENERAL INFORMATION
fixed length control field 000000n2000 000 0 eng u
035 ## - SYSTEM CONTROL NUMBER
System control number (Sirsi) u108771
245 ## - TITLE STATEMENT
Title Land Registry goes mobile
260 ## - PUBLICATION, DISTRIBUTION, ETC.
Date of publication, distribution, etc. 2000
490 ## - SERIES STATEMENT
Series statement HM Land Registry Press Notice
Volume/sequential designation (24/00) 9 October 2000, (1)
520 ## - SUMMARY, ETC.
Summary, etc. The Land Registry has launched a WAP (Wireless Application Protocol) service. Available to members of the public as well as property professionals, it is available for WAP enabled mobile telephones and other suitable mobile devices at http://www.landreg.gov.uk/wap/ or http://www.wappy.to/landregistry. For technical enquiries contact (020) 7331 8349.
590 ## - LOCAL NOTE (RLIN)
Local note WB
650 ## - SUBJECT ADDED ENTRY--TOPICAL TERM
Topical term or geographic name entry element WAP-ENABLED MOBILE PHONES
650 ## - SUBJECT ADDED ENTRY--TOPICAL TERM
Topical term or geographic name entry element HM LAND REGISTRY
650 ## - SUBJECT ADDED ENTRY--TOPICAL TERM
Topical term or geographic name entry element HOUSE PRICES
650 ## - SUBJECT ADDED ENTRY--TOPICAL TERM
Topical term or geographic name entry element PROPERTY INFORMATION
690 ## - LOCAL SUBJECT ADDED ENTRY--TOPICAL TERM (OCLC, RLIN)
Topical term or geographic name as entry element INFORMATION TECHNOLOGY-INTERNET
942 ## - ADDED ENTRY ELEMENTS (KOHA)
Suppress in OPAC 0
Holdings
Withdrawn status Lost status Source of classification or shelving scheme Damaged status Not for loan Home library Current library Shelving location Date acquired Total Checkouts Full call number Barcode Date last seen Copy number Price effective from Koha item type
    Dewey Decimal Classification     London London News article 12/10/2000   WB364019 108771-1001 06/08/2019 1 06/08/2019 News article